[Event "Stay Safe Play From Home 291"]
[Site "Emanuel Lasker Arena"]
[Date "2020.07.09"]
[Round "7"]
[White "Haris kollari 13"]
[Black "Lazieri3"]
[Result "1-0"]
[WhiteElo "1839"]
[BlackElo "2043"]
[Annotator "NA"]
[PlyCount "113"]
[EventDate "2020.07.09"]
[EventType "swiss (blitz)"]

1. e4 {[%emt 0:00:01]} c6 {[%emt 0:00:07]} 2. d4 {[%emt 0:00:01]} d5 {[%emt 0:00:00]} 3. e5 {[%emt 0:00:01]} Bf5 {[%emt 0:00:01]} 4. c3 {[%emt 0:00:01]} e6 {[%emt 0:00:01]} 5. f4 {[%emt 0:00:01]} c5 {[%emt 0:00:01]} 6. Nf3 {[%emt 0:00:01]} cxd4 {[%emt 0:00:01]} 7. cxd4 {[%emt 0:00:01]} Nc6 {[%emt 0:00:01]} 8. Nc3 {[%emt 0:00:01]} Bb4 {[%emt 0:00:01]} 9. Bd2 {[%emt 0:00:02]} h5 {[%emt 0:00:02]} 10. Be2 {[%emt 0:00:02]} Nge7 {[%emt 0:00:01]} 11. O-O {[%emt 0:00:01]} a6 {[%emt 0:00:04]} 12. Rc1 {[%emt 0:00:01]} Rc8 {[%emt 0:00:02]} 13. Kh1 {[%emt 0:00:07]} Ng6 {[%emt 0:00:06]} 14. Be3 {[%emt 0:00:02]} Bxc3 {[%emt 0:00:04]} 15. Rxc3 {[%emt 0:00:02]} O-O {[%emt 0:00:02]} 16. h3 {[%emt 0:00:02]} Nce7 {[%emt 0:00:07]} 17. Ng5 {[%emt 0:00:03]} h4 {[%emt 0:00:03]} 18. Bh5 {[%emt 0:00:03]} Rxc3 {[%emt 0:00:03]} 19. bxc3 {[%emt 0:00:01]} Qc7 {[%emt 0:00:12]} 20. Qb3 {[%emt 0:00:02]} Rc8 {[%emt 0:00:02]} 21. Bd2 {[%emt 0:00:01]} b5 {[%emt 0:00:02]} 22. Be1 {[%emt 0:00:07]} Qc4 {[%emt 0:00:04]} 23. Rf2 {[%emt 0:00:06]} Qd3 {[%emt 0:00:09]} 24. Be2 {[%emt 0:00:05]} Qb1 {[%emt 0:00:21]} 25. Rf1 {[%emt 0:00:15]} Qc2 {[%emt 0:00:15]} 26. Bd1 {[%emt 0:00:09]} Qd3 {[%emt 0:00:07]} 27. Rf3 {[%emt 0:00:02]} Qc4 {[%emt 0:00:03]} 28. Kh2 {[%emt 0:00:08]} Be4 {[%emt 0:00:05]} 29. Rf2 {[%emt 0:00:02]} Qd3 {[%emt 0:00:08]} 30. Be2 {[%emt 0:00:05]} Qb1 {[%emt 0:00:01]} 31. Nxe4 {[%emt 0:00:01]} Qxe4 {[%emt 0:00:01]} 32. Bd2 {[%emt 0:00:06]} Nf5 {[%emt 0:00:11]} 33. Bf3 {[%emt 0:00:05]} Qd3 {[%emt 0:00:05]} 34. Qb2 {[%emt 0:00:01]} Qc4 {[%emt 0:00:15]} 35. Be2 {[%emt 0:00:02]} Qc6 {[%emt 0:00:01]} 36. Bd3 {[%emt 0:00:07]} Ng3 {[%emt 0:00:02]} 37. f5 {[%emt 0:00:06]} exf5 {[%emt 0:00:01]} 38. Bxf5 {[%emt 0:00:01]} Nxf5 {[%emt 0:00:01]} 39. Rxf5 {[%emt 0:00:01]} Qe6 {[%emt 0:00:02]} 40. Qc2 {[%emt 0:00:02]} b4 {[%emt 0:00:02]} 41. Qd3 {[%emt 0:00:02]} bxc3 {[%emt 0:00:00]} 42. Bc1 {[%emt 0:00:02]} Rb8 {[%emt 0:00:00]} 43. Rf2 {[%emt 0:00:03]} c2 {[%emt 0:00:01]} 44. Rxc2 {[%emt 0:00:02]} Ne7 {[%emt 0:00:00]} 45. Qc3 {[%emt 0:00:02]} Qg6 {[%emt 0:00:01]} 46. Bf4 {[%emt 0:00:03]} Nf5 {[%emt 0:00:01]} 47. Rf2 {[%emt 0:00:04]} Rb1 {[%emt 0:00:01]} 48. Bc1 {[%emt 0:00:04]} Kh7 {[%emt 0:00:00]} 49. Qc2 {[%emt 0:00:02]} Qg3+ {[%emt 0:00:00]} 50. Kg1 {[%emt 0:00:09]} Rxc1+ {[%emt 0:00:00]} 51. Qxc1 {[%emt 0:00:01]} Ne3 {[%emt 0:00:01]} 52. Qd2 {[%emt 0:00:05]} f6 {[%emt 0:00:00]} 53. Rf3 {[%emt 0:00:02]} Kg8 {[%emt 0:00:00]} 54. Rxg3 {[%emt 0:00:01]} Nf5 {[%emt 0:00:00]} 55. Rf3 {[%emt 0:00:01]} Nxd4 {[%emt 0:00:00]} 56. Qxd4 {[%emt 0:00:01]} Kf7 {[%emt 0:00:00]} 57. Qxd5+ {[%emt 0:00:00] Time (Lag: Av=0.67s, max=3.3s)} 1-0

[Event "Stay Safe Play From Home 291"]
[Site "Emanuel Lasker Arena"]
[Date "2020.07.09"]
[Round "7"]
[White "Capaeuwekhine"]
[Black "Haxhi Baha"]
[Result "0-1"]
[WhiteElo "1646"]
[BlackElo "1896"]
[Annotator "NA RC"]
[PlyCount "68"]
[EventDate "2020.07.09"]
[EventType "swiss (blitz)"]

1. e4 {[%emt 0:00:05]} c5 {[%emt 0:00:03]} 2. Nf3 {[%emt 0:00:02]} Nc6 {[%emt 0:00:01]} 3. d3 {[%emt 0:00:01]} d5 {[%emt 0:00:02]} 4. Nbd2 {[%emt 0:00:02]} Nf6 {[%emt 0:00:02]} 5. g3 {[%emt 0:00:01]} Bg4 {[%emt 0:00:02]} 6. Bg2 {[%emt 0:00:01]} Qd7 {[%emt 0:00:01]} 7. O-O {[%emt 0:00:01]} Bh3 {[%emt 0:00:01]} 8. Re1 {[%emt 0:00:01]} h5 {[%emt 0:00:09]} 9. e5 {[%emt 0:00:02]} Bxg2 {[%emt 0:00:03]} 10. Kxg2 {[%emt 0:00:04]} Ng4 {[%emt 0:00:01]} 11. h4 {[%emt 0:00:03]} O-O-O {[%emt 0:00:06]} 12. e6 {[%emt 0:00:01]} fxe6 {[%emt 0:00:01]} 13. Ng5 {[%emt 0:00:01]} e5 {[%emt 0:00:12]} 14. Nf7 {[%emt 0:00:06]} Qf5 {[%emt 0:00:08]} 15. f3 {[%emt 0:00:16]} Qxf7 {[%emt 0:00:02]} 16. fxg4 {[%emt 0:00:02]} hxg4 {[%emt 0:00:03]} 17. Rf1 {[%emt 0:00:03]} Qg6 {[%emt 0:00:03]} 18. Nb3 {[%emt 0:00:03]} e6 {[%emt 0:00:01]} 19. Bd2 {[%emt 0:00:03]} Be7 {[%emt 0:00:02]} 20. Na5 {[%emt 0:00:02]} Nd4 {[%emt 0:00:05]} 21. c3 {[%emt 0:00:04]} Nf3 {[%emt 0:00:02]} 22. Qb3 {[%emt 0:00:02]} b6 {[%emt 0:00:02]} 23. Nc6 {[%emt 0:00:07]} Rd7 {[%emt 0:00:01]} 24. Qb5 {[%emt 0:00:04]} Bd6 {[%emt 0:00:39]} 25. Be1 {[%emt 0:00:09]} e4 {[%emt 0:00:06]} 26. Qa6+ {[%emt 0:00:08]} Kc7 {[%emt 0:00:08]} 27. Nxa7 {[%emt 0:00:02]} exd3 {[%emt 0:00:10]} 28. Nb5+ {[%emt 0:00:02]} Kc6 {[%emt 0:00:00]} 29. Na7+ {[%emt 0:00:05]} Rxa7 {[%emt 0:00:03]} 30. Qxa7 {[%emt 0:00:01]} Qe4 {[%emt 0:00:08]} 31. Kf2 {[%emt 0:00:07]} Nxe1 {[%emt 0:00:05]} 32. Raxe1 {[%emt 0:00:03]} Qf3+ {[%emt 0:00:02]} 33. Kg1 {[%emt 0:00:03]} Qxg3+ {[%emt 0:00:00]} 34. Kh1 {[%emt 0:00:01]} Qh2# {[%emt 0:00:00] (Lag: Av=1.20s, max=1.9s)} 0-1

[Event "Stay Safe Play From Home 291"]
[Site "Emanuel Lasker Arena"]
[Date "2020.07.09"]
[Round "7"]
[White "Timbre"]
[Black "Achu"]
[Result "0-1"]
[WhiteElo "1541"]
[BlackElo "1713"]
[Annotator "NA RC"]
[PlyCount "82"]
[EventDate "2020.07.09"]
[EventType "swiss (blitz)"]

1. d4 {[%emt 0:00:06]} Nf6 {[%emt 0:00:01]} 2. Nf3 {[%emt 0:00:01]} e6 {[%emt 0:00:01]} 3. c3 {[%emt 0:00:01]} d5 {[%emt 0:00:01]} 4. Bf4 {[%emt 0:00:01]} Bd6 {[%emt 0:00:01]} 5. Bg3 {[%emt 0:00:02]} c6 {[%emt 0:00:03]} 6. e3 {[%emt 0:00:02]} Qe7 {[%emt 0:00:03]} 7. Bd3 {[%emt 0:00:02]} Bxg3 {[%emt 0:00:01]} 8. hxg3 {[%emt 0:00:02]} h6 {[%emt 0:00:03]} 9. Nbd2 {[%emt 0:00:01]} Nbd7 {[%emt 0:00:02]} 10. Qe2 {[%emt 0:00:02]} b6 {[%emt 0:00:02]} 11. e4 {[%emt 0:00:05]} dxe4 {[%emt 0:00:01]} 12. Nxe4 {[%emt 0:00:02]} Nxe4 {[%emt 0:00:00]} 13. Bxe4 {[%emt 0:00:02]} Bb7 {[%emt 0:00:00]} 14. Bc2 {[%emt 0:00:04]} Nf6 {[%emt 0:00:01]} 15. Kf1 {[%emt 0:00:02]} O-O-O {[%emt 0:00:02]} 16. Kg1 {[%emt 0:00:01]} g5 {[%emt 0:00:02]} 17. a4 {[%emt 0:00:04]} c5 {[%emt 0:00:01]} 18. dxc5 {[%emt 0:00:02]} Qxc5 {[%emt 0:00:01]} 19. Ne5 {[%emt 0:00:18]} Qd5 {[%emt 0:00:04]} 20. Nf3 {[%emt 0:00:03]} g4 {[%emt 0:00:01]} 21. Nh4 {[%emt 0:00:06]} Qd2 {[%emt 0:00:05]} 22. Qxd2 {[%emt 0:00:09]} Rxd2 {[%emt 0:00:00]} 23. Bb3 {[%emt 0:00:10]} Bd5 {[%emt 0:00:01]} 24. Bxd5 {[%emt 0:00:02]} Rxd5 {[%emt 0:00:00]} 25. Kh2 {[%emt 0:00:04]} Rhd8 {[%emt 0:00:02]} 26. Rhe1 {[%emt 0:00:04]} Rd2 {[%emt 0:00:03]} 27. Rf1 {[%emt 0:00:01]} Rxb2 {[%emt 0:00:02]} 28. a5 {[%emt 0:00:01]} Rdd2 {[%emt 0:00:02]} 29. axb6 {[%emt 0:00:02]} axb6 {[%emt 0:00:00]} 30. c4 {[%emt 0:00:04]} Rxf2 {[%emt 0:00:02]} 31. Rfd1 {[%emt 0:00:10]} Ne4 {[%emt 0:00:05]} 32. Ra8+ {[%emt 0:00:11]} Kb7 {[%emt 0:00:03]} 33. Rdd8 {[%emt 0:00:05]} Ng5 {[%emt 0:00:03]} 34. Rdb8+ {[%emt 0:00:05]} Kc6 {[%emt 0:00:03]} 35. Rc8+ {[%emt 0:00:02]} Kd6 {[%emt 0:00:01]} 36. Rd8+ {[%emt 0:00:08]} Ke5 {[%emt 0:00:01]} 37. Rab8 {[%emt 0:00:08]} Nf3+ {[%emt 0:00:05]} 38. Nxf3+ {[%emt 0:00:08]} gxf3 {[%emt 0:00:00]} 39. Rg8 {[%emt 0:00:08]} Rxg2+ {[%emt 0:00:09]} 40. Kh3 {[%emt 0:00:01]} Rh2+ {[%emt 0:00:03]} 41. Kg4 {[%emt 0:00:02]} f2 {[%emt 0:00:00] Time (Lag: Av=0.53s, max=0.9s) .} 0-1

[Event "Stay Safe Play From Home 291"]
[Site "Emanuel Lasker Arena"]
[Date "2020.07.09"]
[Round "8"]
[White "Lazieri3"]
[Black "Klasman"]
[Result "0-1"]
[WhiteElo "2017"]
[BlackElo "1559"]
[Annotator "TA"]
[PlyCount "98"]
[EventDate "2020.07.09"]
[EventType "swiss (blitz)"]

{[%evp 9,98,29,41,29,34,33,33,22,70,22,17,12,35,5,23,7,29,8,20,20,23,24,31,16,27,0,113,110,116,100,105,-29972,-19,-29,-42,-227,738,0,0,-28,-45,-1093,-1095,-1058,-1062,-953,-838,-971,-989,-917,-743,-12834,-11631,-12841,-12841,-12841,-12841,-12845,-12845,-12845,-12846,-12846,-12847,-12847,-12847,-12849,-12849,-12851,-27999,-12851,-27997,-27998,-27997,-27998,-27998,-27999,-27997,-27999,-27998,-27999,-27997,-27998,-27996,-27999,-27997,-27998,-27998,-27999,-27999,-27998,-27998]} 1. e4 f5 2. Nc3 Nf6 3. exf5 d5 4. d4 Bxf5 5. Bd3 {[#]} Bxd3 $146 ({Predecessor:} 5... Qd7 6. Nf3 Nc6 7. Bf4 Qe6+ 8. Kf1 O-O-O 9. Ng5 Bxd3+ 10. Qxd3 Qg4 {1-0 (19) Szymanski,P (1906)-Ferreira,A (1850) Bastia 2008}) 6. Qxd3 {A00: Irregular Openings.} Nc6 7. Nf3 e6 8. O-O {White is slightly better.} Bd6 9. Bg5 {White wants to play Rae1.} O-O 10. Rae1 Qd7 11. Ne2 e5 12. dxe5 Nxe5 13. Nxe5 Bxe5 14. Nd4 $36 {[%mdl 2048] White has the initiative.} Bxd4 15. Qxd4 c6 16. Bxf6 Rxf6 17. Re2 Raf8 (17... Re6 $11 18. Rxe6 Qxe6) 18. Qxa7 $16 Qf7 19. h3 Rg6 {Strongly threatening ...Qf3!} 20. a4 $2 {[%mdl 8192] [#]} (20. Qe3 $16) 20... Rxg2+ $2 (20... Qf3 $1 {[%mdl 512] mates} 21. g4 Qxh3 22. f3 Rxg4+ $1 {[%mdl 576] Pin} 23. Kf2 Rxf3+ 24. Ke1 Qxf1+ 25. Kd2 Rg2 26. Qa8+ Rf8 27. Qxf8+ Kxf8 28. Rxg2 Qxg2+ 29. Kc3 h5 30. a5 h4 31. b4 h3 32. a6 Qf3+ 33. Kd4 Qe4+ {[%mdl 64] Double Attack} 34. Kc3 bxa6 35. Kb3 h2 36. c3 h1=Q 37. Kb2 Qeb1+ 38. Ka3 Qhc1+ {[%mdl 64] Double Attack} 39. Ka4 Qa2#) 21. Kxg2 $11 Qf3+ {[%mdl 64] Double Attack} 22. Kh2 $2 (22. Kg1 $15 Qxe2 23. Qxb7) 22... Qf4+ $4 {[%mdl 8192]} (22... Qxe2 $19 23. Kg1 h5) 23. Kh1 $2 (23. Kg1 $18) 23... Qf3+ {[%mdl 64] Double Attack} 24. Kg1 Qxe2 25. Qe3 $2 {[%mdl 8192] White is on the road to losing.} (25. Qxb7 $15 Qxc2 26. Qb4) 25... Qxe3 $19 26. fxe3 {[#]} Rxf1+ $1 27. Kxf1 {[%mdl 4096] Endgame KP-KP} Kf7 28. Ke2 Kf6 29. Kd3 Ke5 30. b4 g5 31. c4 dxc4+ 32. Kxc4 h5 33. Kc5 g4 34. hxg4 hxg4 {K3P-K3P} 35. a5 g3 36. Kb6 g2 37. a6 bxa6 38. Kxc6 g1=Q 39. Kb6 Qxe3+ 40. Kxa6 {Black mates.} Qd4 41. b5 Kd6 42. Kb7 Qd5+ 43. Ka6 Qa8+ 44. Kb6 Kd7 45. Kc5 Qb7 46. b6 Ke6 47. Kb5 Kd6 {( -> ...Kd5)} 48. Ka5 Kc5 {[%cal Rb7a8]} 49. Ka4 Qxb6 {Accuracy: White = 52%, Black = 79%.} 0-1

[Event "Stay Safe Play From Home 291"]
[Site "Emanuel Lasker Arena"]
[Date "2020.07.09"]
[Round "8"]
[White "Chesstiger9"]
[Black "Capaeuwekhine"]
[Result "1/2-1/2"]
[WhiteElo "1995"]
[BlackElo "1639"]
[Annotator "TA"]
[PlyCount "43"]
[EventDate "2020.07.09"]
[EventType "swiss (blitz)"]

{[%evp 9,43,-100,-94,-87,37,-22,-29,-53,-30,-55,60,54,62,54,63,57,63,63,60,35,75,62,88,44,65,60,49,43,54,14,26,16,158,157,156,148]} 1. d4 d5 2. Nf3 c6 3. e3 e6 4. Ne5 Nd7 5. Bd3 Nxe5 6. dxe5 {[#] D02: 1 d4 d5 2 Nf3 sidelines, including 2...Nf6 3 g3 and 2...Nf6 3 Bf4.} f5 $146 (6... Qg5 $17 7. Nd2 Qxe5) ({Predecessor:} 6... Qg5 7. O-O Qxe5 8. f4 Qf6 9. Qf3 Bc5 10. Nc3 Ne7 11. Kh1 Ng6 12. Bd2 O-O {½-½ (35) Valdivia Valdivia,J-Salcedo Mederos,P Cuba 1998}) 7. exf6 ({Better is} 7. O-O $14) 7... Nxf6 $11 8. Nd2 {Black has an edge.} Bd6 9. e4 dxe4 (9... O-O $15) 10. Nxe4 $14 Nxe4 11. Bxe4 Bb4+ 12. c3 Qxd1+ 13. Kxd1 Bc5 14. Ke2 Ke7 15. Bg5+ Kf7 16. Rad1 (16. f4 {with more complications.} h6 17. Bh4 Be7 18. Bf2 Rd8 19. Rhd1) 16... Be7 17. Bxe7 Kxe7 18. Rd3 e5 19. Rhd1 Be6 {[#] Strongly threatening ...Bc4.} 20. b3 Rhd8 (20... a5 $11) 21. Rxd8 $16 ({But not} 21. Bxh7 $6 Rh8 $14) 21... Rxd8 22. Rxd8 {Accuracy: White = 50%, Black = 48%.} ({Much worse is} 22. Bxh7 $6 Rh8 $11) 1/2-1/2

[Event "Stay Safe Play From Home 291"]
[Site "Emanuel Lasker Arena"]
[Date "2020.07.09"]
[Round "8"]
[White "Weltszmerc"]
[Black "Haris kollari 13"]
[Result "1-0"]
[WhiteElo "1991"]
[BlackElo "1865"]
[Annotator "NA"]
[PlyCount "95"]
[EventDate "2020.07.09"]
[EventType "swiss (blitz)"]

1. d4 {[%emt 0:00:02]} e6 {[%emt 0:00:01]} 2. c4 {[%emt 0:00:01]} d5 {[%emt 0:00:00]} 3. Nf3 {[%emt 0:00:00]} c6 {[%emt 0:00:01]} 4. g3 {[%emt 0:00:01]} f5 {[%emt 0:00:01]} 5. Bg2 {[%emt 0:00:00]} Nf6 {[%emt 0:00:01]} 6. O-O {[%emt 0:00:00]} Bd6 {[%emt 0:00:01]} 7. b3 {[%emt 0:00:00]} O-O {[%emt 0:00:01]} 8. Bb2 {[%emt 0:00:00]} Bd7 {[%emt 0:00:01]} 9. Ne5 {[%emt 0:00:02]} Be8 {[%emt 0:00:03]} 10. Nd2 {[%emt 0:00:00]} g5 {[%emt 0:00:03]} 11. f3 {[%emt 0:00:02]} h5 {[%emt 0:00:02]} 12. e4 {[%emt 0:00:01]} g4 {[%emt 0:00:12]} 13. exf5 {[%emt 0:00:03]} exf5 {[%emt 0:00:01]} 14. cxd5 {[%emt 0:00:04]} Nxd5 {[%emt 0:00:02]} 15. Ndc4 {[%emt 0:00:07]} Bxe5 {[%emt 0:00:03]} 16. dxe5 {[%emt 0:00:03]} b5 {[%emt 0:00:02]} 17. Nd6 {[%emt 0:00:05]} Ne3 {[%emt 0:00:02]} 18. Qd2 {[%emt 0:00:02]} Nxf1 {[%emt 0:00:01]} 19. Rxf1 {[%emt 0:00:01]} Bg6 {[%emt 0:00:03]} 20. e6 {[%emt 0:00:04]} Qe7 {[%emt 0:00:04]} 21. Qd4 {[%emt 0:00:04]} Kh7 {[%emt 0:00:01]} 22. Nf7 {[%emt 0:00:12]} Rg8 {[%emt 0:00:07]} 23. Qe3 {[%emt 0:00:18]} Bxf7 {[%emt 0:00:06]} 24. Re1 {[%emt 0:00:05]} Bg6 {[%emt 0:00:02]} 25. Bc1 {[%emt 0:00:05]} Qg7 {[%emt 0:00:03]} 26. Rd1 {[%emt 0:00:08]} a5 {[%emt 0:00:02]} 27. a3 {[%emt 0:00:01]} Ra7 {[%emt 0:00:02]} 28. Bb2 {[%emt 0:00:21]} Qxb2 {[%emt 0:00:14]} 29. Qxa7+ {[%emt 0:00:02]} Kh8 {[%emt 0:00:02]} 30. fxg4 {[%emt 0:00:16]} Qxb3 {[%emt 0:00:05]} 31. Qd4+ {[%emt 0:00:04]} Kh7 {[%emt 0:00:05]} 32. gxh5 {[%emt 0:00:06]} Bxh5 {[%emt 0:00:04]} 33. Re1 {[%emt 0:00:01]} Re8 {[%emt 0:00:06]} 34. Qh4 {[%emt 0:00:01]} Kg6 {[%emt 0:00:12]} 35. Bh3 {[%emt 0:00:02]} Qd5 {[%emt 0:00:09]} 36. Qf4 {[%emt 0:00:06]} Na6 {[%emt 0:00:27]} 37. Re5 {[%emt 0:00:01]} Qd1+ {[%emt 0:00:05]} 38. Bf1 {[%emt 0:00:01]} Qg4 {[%emt 0:00:06]} 39. Qe3 {[%emt 0:00:09]} c5 {[%emt 0:00:04]} 40. Bxb5 {[%emt 0:00:02]} Nc7 {[%emt 0:00:03]} 41. Bxe8+ {[%emt 0:00:01]} Nxe8 {[%emt 0:00:01]} 42. e7 {[%emt 0:00:01]} Qd1+ {[%emt 0:00:04]} 43. Qe1 {[%emt 0:00:01]} Qd4+ {[%emt 0:00:01]} 44. Qe3 {[%emt 0:00:01]} Qd2 {[%emt 0:00:01]} 45. Qxd2 {[%emt 0:00:01]} c4 {[%emt 0:00:02]} 46. Qf4 {[%emt 0:00:00]} Bg4 {[%emt 0:00:02]} 47. Rc5 {[%emt 0:00:01]} c3 {[%emt 0:00:01]} 48. Rxc3 {[%emt 0:00:01] Time (Lag: Av=0.85s, max=9.5s)} 1-0

[Event "Stay Safe Play From Home 291"]
[Site "Emanuel Lasker Arena"]
[Date "2020.07.09"]
[Round "8"]
[White "Haxhi Baha"]
[Black "AChessPlayer"]
[Result "0-1"]
[WhiteElo "1902"]
[BlackElo "2254"]
[Annotator "TA"]
[PlyCount "58"]
[EventDate "2020.07.09"]
[EventType "swiss (blitz)"]

{[%evp 9,58,0,0,-8,14,-25,84,-7,24,-25,14,-13,28,28,75,58,97,101,108,89,89,81,72,-544,-532,-528,-506,-731,-723,-714,-710,-678,-679,-796,-791,-1022,-996,-991,-983,-975,-969,-1014,-952,-1242,-1233,-1197,-1212,-1204,-1181,-2231,-2164]} 1. e4 e5 2. f4 d5 3. exd5 e4 4. d4 Qxd5 5. Be3 f5 {[#]} 6. c4 $146 {C32: Falkbeer Counter Gambit: 3 exd5 e4 4 d3 Nf6.} ({Predecessor:} 6. Nc3 Qf7 7. Qd2 Nf6 8. O-O-O c6 9. Nh3 h6 10. Nf2 Be6 11. a3 Nbd7 12. g4 {1-0 (37) Eltsov,V (2098)-Pershin,D (1975) St Petersburg 2011}) 6... Bb4+ 7. Nc3 (7. Nd2 $5 {[%cal Rc4d5]} Qd7 8. a3 $11) 7... Qa5 (7... Bxc3+ $1 $11 8. bxc3 Qf7) 8. Qb3 (8. Nge2 $16) 8... Nf6 9. h3 c5 10. d5 O-O 11. Nge2 Nbd7 {[%cal Bb8d7,Bd7b6,Bb6c4,Bc4e3][%mdl 32]} 12. a3 Qa6 13. O-O-O Ba5 14. Rg1 Nb6 15. Nb5 Bd7 {aiming for ...Nxc4!} 16. Nc7 $2 {[%mdl 8192] This move loses the game for White.} (16. Nec3 $16 {keeps the pressure on. Nc7 is the strong threat.} Bxc3 17. Nxc3) 16... Qxc4+ $19 {Black is clearly winning.} 17. Qxc4 Nxc4 {[%mdl 64] [#] Discovered Attack} 18. Nxa8 Nxe3 19. Nc3 Bxc3 20. bxc3 Nxd1 21. Nc7 Nxc3 22. Ne6 Bxe6 23. dxe6 Re8 24. Kc2 Ncd5 25. g3 Rxe6 26. Bc4 Ne3+ 27. Kc3 Nxc4 28. Kxc4 b6 29. Rd1 e3 {Accuracy: White = 45%, Black = 43%.} 0-1

[Event "Stay Safe Play From Home 291"]
[Site "Emanuel Lasker Arena"]
[Date "2020.07.09"]
[Round "8"]
[White "Lucknow"]
[Black "Position"]
[Result "0-1"]
[WhiteElo "1759"]
[BlackElo "2069"]
[Annotator "TA"]
[PlyCount "64"]
[EventDate "2020.07.09"]
[EventType "swiss (blitz)"]

{[%evp 18,64,45,27,60,44,58,25,31,29,141,39,38,22,35,31,32,35,54,41,73,41,47,44,41,40,45,42,112,65,81,33,48,29,193,22,83,87,68,-75,-72,-81,-57,-94,-87,-91,-89,-164,-87]} 1. d4 Nf6 2. c4 e6 3. Nf3 b6 4. g3 Bb7 5. Bg2 Bb4+ 6. Bd2 Bxd2+ 7. Qxd2 O-O 8. O-O d6 9. Nc3 Nbd7 10. Qc2 Rc8 {E16: Queen's Indian: 4 g3 Bb7 5 Bg2 Bb4+.} 11. e4 c5 {[#]} 12. b3 $146 ({Predecessor:} 12. d5 exd5 13. cxd5 Ba6 14. Rfe1 Qc7 15. a4 Rcd8 16. Nb5 Qb8 17. Nd2 Bc8 18. Nc4 {1-0 (32) Naumkin,I (2435)-Vezzosi,P (2275) Montecatini Terme 1998}) 12... cxd4 {White has an edge.} 13. Nxd4 {Black must now prevent Ndb5.} Ba8 (13... a6 $11) 14. Rad1 (14. Ndb5 $16) 14... a6 $1 $14 15. Rd2 Qe7 16. Rfd1 Rfd8 17. Qd3 Nc5 18. Qe2 h6 19. h3 Qc7 20. Kh2 Bb7 21. f4 Qb8 22. Nc2 e5 (22... b5 $14) 23. fxe5 (23. b4 {seems wilder.} Ne6 24. fxe5 dxe5 25. Nd5 Bxd5 26. exd5 Nd4 27. Nxd4 exd4 28. Rxd4 Qd6 29. Qd2) 23... dxe5 24. Nd5 Bxd5 25. exd5 b5 $2 {[#]} (25... Qd6 $11) 26. cxb5 $2 (26. Nb4 $1 $18) 26... axb5 (26... Qxb5 $11 27. Qe3 (27. Qxe5 Re8 $11) 27... Qb8) 27. Nb4 $16 {Hoping for Nc6.} Qd6 28. Qxb5 (28. Nc6 $14 {keeps the upper hand.} Re8 29. Na7 (29. Qxb5 e4 $11)) 28... Rb8 $17 {[%cal Bc8b8,Bb8b4,Bb4b3][%mdl 32]} 29. Qc4 {Strongly threatening Nc6.} Nxb3 30. axb3 {[#] aiming for Nc6.} Rxb4 31. Qc6 Rxb3 32. Qc2 (32. Qxd6 $17 {might work better.} Rxd6 33. Re1) 32... Rdb8 {Accuracy: White = 45%, Black = 51%.} (32... Rb4 $19 33. Rb1 Rxb1 34. Qxb1 h5) 0-1

[Event "Stay Safe Play From Home 291"]
[Site "Emanuel Lasker Arena"]
[Date "2020.07.09"]
[Round "8"]
[White "Serrano2003"]
[Black "Timbre"]
[Result "0-1"]
[WhiteElo "1330"]
[BlackElo "1532"]
[Annotator "NA"]
[PlyCount "68"]
[EventDate "2020.07.09"]
[EventType "swiss (blitz)"]

1. e4 {[%emt 0:00:03]} c6 {[%emt 0:00:25]} 2. d4 {[%emt 0:00:02]} d5 {[%emt 0:00:02]} 3. e5 {[%emt 0:00:01]} Bf5 {[%emt 0:00:03]} 4. f4 {[%emt 0:00:00]} e6 {[%emt 0:00:01]} 5. Bd3 {[%emt 0:00:01]} Bxd3 {[%emt 0:00:02]} 6. Qxd3 {[%emt 0:00:01]} a6 {[%emt 0:00:01]} 7. Nf3 {[%emt 0:00:01]} c5 {[%emt 0:00:02]} 8. c3 {[%emt 0:00:02]} cxd4 {[%emt 0:00:01]} 9. cxd4 {[%emt 0:00:01]} Ne7 {[%emt 0:00:01]} 10. Kf1 {[%emt 0:00:01]} Nf5 {[%emt 0:00:01]} 11. Kg1 {[%emt 0:00:00]} Nc6 {[%emt 0:00:03]} 12. h3 {[%emt 0:00:05]} Be7 {[%emt 0:00:05]} 13. Kh2 {[%emt 0:00:01]} f6 {[%emt 0:00:02]} 14. Rd1 {[%emt 0:00:04]} fxe5 {[%emt 0:00:01]} 15. fxe5 {[%emt 0:00:02]} O-O {[%emt 0:00:03]} 16. Kg1 {[%emt 0:00:01]} Rc8 {[%emt 0:00:08]} 17. Nc3 {[%emt 0:00:01]} Nb4 {[%emt 0:00:04]} 18. Qb1 {[%emt 0:00:03]} Nc6 {[%emt 0:00:02]} 19. a3 {[%emt 0:00:02]} Qb6 {[%emt 0:00:05]} 20. Qd3 {[%emt 0:00:02]} Na5 {[%emt 0:00:05]} 21. g4 {[%emt 0:00:02]} Nh4 {[%emt 0:00:04]} 22. Nxh4 {[%emt 0:00:02]} Bxh4 {[%emt 0:00:02]} 23. b4 {[%emt 0:00:01]} Nc4 {[%emt 0:00:03]} 24. Be3 {[%emt 0:00:04]} Qd8 {[%emt 0:00:02]} 25. Rf1 {[%emt 0:00:03]} Qe7 {[%emt 0:00:03]} 26. Bf2 {[%emt 0:00:02]} Bxf2+ {[%emt 0:00:05]} 27. Rxf2 {[%emt 0:00:02]} Rxf2 {[%emt 0:00:03]} 28. Kxf2 {[%emt 0:00:01]} Qh4+ {[%emt 0:00:01]} 29. Kg2 {[%emt 0:00:02]} Rf8 {[%emt 0:00:01]} 30. Rf1 {[%emt 0:00:04]} Rxf1 {[%emt 0:00:11]} 31. Qxf1 {[%emt 0:00:02]} Ne3+ {[%emt 0:00:02]} 32. Kg1 {[%emt 0:00:04]} Nxf1 {[%emt 0:00:02]} 33. Kxf1 {[%emt 0:00:01]} Qxh3+ {[%emt 0:00:01]} 34. Kf2 {[%emt 0:00:03]} Qxc3 {[%emt 0:00:01] Serrano2003 rinde (Lag: Av=0.59s, max=0.7s)} 0-1